000
00265nam a2200121Ia 4500
008
240208s9999||||xx |||||||||||||| ||und||
082
_a
242
_b
OAT/T
100
_a
Oates, Robert M
245
4
_a
The Maharishi Effect
260
_c
1985
300
_a
128p
942
_c
BK
999
_c
42860
_d
42860